Statystyki dla Trasa Warszawskiej linii autobusowej 152

Kliknij tutaj aby rozwiązać quiz!

Ogólne statystyki

  • Ten quiz został rozwiązany 6 razy
  • Średni wynik to 17 z 30

Statystyki odpowiedzi

DzielnicaPrzystanek% Poprawnych
BiałołękaOsiedle Derby
100%
BiałołękaOsiedle Derby
100%
BiałołękaTarchomin
100%
BiałołękaTarchomin
100%
BiałołękaBiałołęka-Ratusz
80%
BiałołękaPKP Płudy
80%
BiałołękaAreszt Śledczy Białołęka
60%
BiałołękaBraci Zawadzkich
60%
BiałołękaMilenijna
60%
BiałołękaMyśliborska
60%
BiałołękaOsiedle Derby III
60%
BiałołękaOsiedle Derby VI
60%
BiałołękaSkarbka z Gór
60%
BiałołękaZegarynki
60%
BiałołękaAmbaras
40%
BiałołękaBerensona-Kanał
40%
BiałołękaBiałołęka Dworska
40%
BiałołękaBiałołęka-Kanał
40%
BiałołękaDrogowa
40%
BiałołękaFletniowa
40%
BiałołękaKlasyków
40%
BiałołękaKrokwi
40%
BiałołękaOłówkowa
40%
BiałołękaOstródzka-Szkoła
40%
BiałołękaSadkowska
40%
BiałołękaWałuszewska
40%
BiałołękaWarmińska
40%
BiałołękaWarzelnicza-Szkoła
40%
BiałołękaŻyrardowska
40%
BiałołękaOgrody Przyjaciół
20%

Rozkład punktacji

Percentyl według liczby udzielonych odpowiedzi

Procent ludzi z każdym wynikiem

Twoja historia wyników

Nie rozwiązałeś tego quizu